000 02482nam a2200457 c 4500
999 _c167835
_d167835
003 BLK
005 20240410142101.0
008 180411b bul|||||r ||||||| ||bul||
010 _aKNG00175677000
040 _aBLK
041 _aBUL
_cBUL
072 7 _2bullib
_aА
_xФонд Михаил Арнаудов
072 7 _2bullib
_aЯ
_xАвтографи
080 _aБългарска литература
_b821.163.2
_x.09
_z821.163.2.09
100 _aДобрев, Димитър
_gПоет, писател, преводач от руски език. Основател и издател на вестник "Светлоструй"
_d1904-1985
_qДимитров, Димитър Добрев
_9364701
139 _aДобрев, Димитър
_bД 66
245 1 0 _aПоети на селото
_bЛит. скици
_cДимитър Добрев
257 _aBGR
260 _bкооп. Земя и култура
_c1947
_fСофия : Пирин
300 _a160 с.
_c19 см
380 _a82
490 _9396381
_aЧастна колекция - Академик Михаил Арнаудов
_gДарение - Основен фонд
500 _aФонд Михаил Арнаудов - Писмо: Ув. г. Арнаудов, книжката ми има много грешки, които я обезобразяват. Моля да ми съобщите Вашето мнение в няколко реда, макар, защото Вашето мнение ми е много ценно. - Сърдечно Ваш: Добрев София, 1. ІІІ. 48 Гр. Игнатиев № 11 - София. - Мека подв., неразрязана
500 _aАвтограф с текст: На любимия човек, писател и искренно почитан критик г. проф. М. Арнаудов в знак на добри чувства. Добрев 1. ІІІ. 48 София
650 4 _aБългарска литература - история
_9246271
659 _aА
659 _aЯ
852 _aЦб І 40202
852 _aК 8/Д 66 Д
852 _aМА 543
_bМА
856 4 _qpdf
_i0.00
_ldisable
856 4 _qpdf
_i0.00
_ldisable
942 _cKNG
_n0
_s1
_01
944 _aCR
_c22.05.2015
_k30546
_lРенета Константинова
944 _aED
_c13.06.2017
_kГеновева_Генчева
999 _d167835
999 _d167835
999 _d167835
999 _d167835
999 _d167835